Thiết kế mô hình bể bùn hoạt tính hoạt động theo mẻ (SBR) tự động hóa và đánh giá hiệu quả xử lý của bể SBR đối với nước thải lò giết mổ gia súc

Thiết kế mô hình bể bùn hoạt tính hoạt động theo mẻ (SBR) tự động hóa và đánh giá hiệu quả xử lý của bể SBR đối với nước thải lò giết mổ gia súc

Сохранить в:
Библиографические подробности
Главный автор: Võ, Trần Thùy Dương
Формат:
Язык:Undetermined
Опубликовано: Cần Thơ Trường Đại học Cần Thơ 2012
Предметы:
Метки: Добавить метку
Нет меток, Требуется 1-ая метка записи!
Thư viện lưu trữ: Trung tâm Học liệu Trường Đại học Cần Thơ
LEADER 01168nam a2200205Ia 4500
001 CTU_178617
008 210402s9999 xx 000 0 und d
082 |a 628.4 
082 |b D561 
088 |a 1080815 , 1080822 
100 |a Võ, Trần Thùy Dương 
245 0 |a Thiết kế mô hình bể bùn hoạt tính hoạt động theo mẻ (SBR) tự động hóa và đánh giá hiệu quả xử lý của bể SBR đối với nước thải lò giết mổ gia súc 
245 0 |c Võ Trần Thùy Dương, Nguyễn Thị Trúc Linh ; Huỳnh Long Toản (Giáo viên hướng dẫn) 
260 |a Cần Thơ 
260 |b Trường Đại học Cần Thơ 
260 |c 2012 
520 |a Thiết kế mô hình bể bùn hoạt tính hoạt động theo mẻ (SBR) tự động hóa và đánh giá hiệu quả xử lý của bể SBR đối với nước thải lò giết mổ gia súc 
650 |a Hydraulic engineering,Wastewater,Công nghệ xử lý 
910 |a Nguyên 
980 |a Trung tâm Học liệu Trường Đại học Cần Thơ